000 00556nam a2200205Ia 4500
005 20250923145242.0
008 008 250917s9999 xx 000 0 eng d
037 _aTextual
040 _aDSWL
_beng
_cDSWL
041 _aeng
_2eng
084 _aY, N70
_qDSWL
100 _aBierstedt, Robert
_9833376
245 4 _aThe Social Order
_cby Robert Bierstedt
260 _aNew York
_b McGraw Hill Book Co.
_c1970
300 _ax,245p.
365 _aUSD
_b9.5
925 _g9.5
942 _cTEXL
_hY, N70
999 _c1449000
_d1449000